Statistics for French Verbs

Click here to take the quiz!

General Stats

  • This quiz has been taken 61,320 times
  • The average score is 22 of 27

Answer Stats

FrançaisEnglish% Correct
MangerEat
96%
VoyagerTravel
96%
DanserDance
95%
ParlerSpeak
94%
DormirSleep
93%
FinirFinish
92%
AllerGo
92%
AimerLike
91%
CuisinerCook
90%
ChanterSing
89%
VivreLive
86%
JouerPlay
86%
ÊtreBe
85%
BoireDrink
84%
ÉcrireWrite
84%
LireRead
83%
TravaillerWork
83%
AvoirHave
80%
VoirSee
80%
FumerSmoke
80%
SortirExit
76%
VendreSell
74%
DireSay
70%
NagerSwim
69%
VouloirWant
67%
SavoirKnow
62%
CompterCount
51%

Score Distribution

Percentile by Number Answered

Percent of People with Each Score

Your Score History

You have not taken this quiz